[Event "EICC 2021"]
[Site "Reykjavik"]
[Date "2021.08.26"]
[Round "1.1"]
[White "Jones, Gawain C B"]
[Black "Baltag, Iulian"]
[Result "1-0"]
[WhiteElo "2684"]
[BlackElo "2410"]
[Annotator "TA"]
[PlyCount "109"]
[EventDate "2021.08.26"]
[EventType "swiss"]
[EventCountry "ISL"]
[Tiebreak "Cut1 Buchholz"]
[SourceTitle "playchess.com"]
[Source "ChessBase"]
[SourceQuality "1"]

{[%evp 11,109,-7,-5,-25,-27,-47,-23,-43,-57,-48,-45,-45,-16,-16,-13,-16,-24,
-37,-18,-33,0,0,0,-24,0,0,0,-1,20,6,41,38,52,34,75,25,10,0,45,37,42,49,43,32,
34,18,11,8,34,31,55,59,70,58,90,80,89,85,98,87,68,37,116,116,112,95,285,225,
237,120,146,157,158,148,257,246,245,242,222,125,243,220,173,102,246,259,397,
393,2067,822,797,793,775,719,697,693,1180,1085,1563,1382]} 1. e4 e6 2. d4 d5 3.
e5 c5 4. c3 Nc6 5. Nf3 Qb6 6. Bd3 cxd4 7. O-O {C02: French: Advance Variation.}
Bd7 8. Re1 $1 {[%mdl 4] is now more promising than 8.cxd4.} Nge7 9. h4 {
Black has an edge.} Rc8 10. h5 h6 {[#]} 11. cxd4 $146 ({Predecessor:} 11. Nbd2
dxc3 12. bxc3 Na5 13. Rb1 Qc7 14. Nb3 Nxb3 15. axb3 Nc6 16. Bf4 Bc5 17. Rc1 {
1/2-1/2 (81) Mamedov,R (2654)-Gelman,A (2403) Chess.com INT 2021}) 11... Nb4
12. Nc3 Nxd3 13. Qxd3 Nc6 14. Rb1 Nb4 15. Qd2 Qa6 16. Re3 Nc6 17. Nh2 Qc4 18.
Rd3 Nb4 19. Rf3 Be7 20. b3 Qa6 21. a4 $1 Qb6 22. Rg3 Nc6 23. Ne2 Bf8 24. Qf4
Nd8 25. Nc3 a6 26. Bd2 Nc6 27. Ne2 {[%cal Bc3e2,Be2c1,Bc1d3,Bd3c5][%mdl 32]}
Nd8 28. Rc1 Rxc1+ 29. Nxc1 Qc7 30. Rc3 Bc6 31. Nd3 $36 {[%mdl 2048] White has
some pressure.} Qe7 32. Qf3 Qa3 33. Qd1 $1 Qe7 34. Ng4 Qd7 35. Nc5 Qc8 36. Qc2
Be7 (36... a5 $14) 37. b4 $1 $16 Qa8 38. Kh2 b6 $2 {[#]} (38... Bf8 $16) 39.
Nxa6 $1 {[%mdl 512]} Qxa6 40. b5 (40. Rxc6 $18 {Black must now prevent Rc7.}
Nxc6 41. Qxc6+ Kd8 42. b5) 40... Bxb5 41. axb5 Qxb5 {[#]} 42. Rc7 $1 Kf8 (42...
Ba3 $16 43. Ra7 Bf8) 43. f3 $18 Qe8 44. Kg1 {[%mdl 1024] White has strong
compensation.} Qb5 {[#]} 45. Rc8 (45. f4 $1 $18) 45... Ke8 (45... Qd7 $16 46.
Nf2 Ke8) 46. Kh2 Qd7 47. Kh1 ({Better is} 47. Rc7 $18 Qb5 48. Qa2) 47... Qb5 (
47... Bc5 $16 {is a better defense.} 48. Rxd8+ Kxd8 49. dxc5 Qc6) 48. Qc7 Qb1+
(48... Qc4 {was necessary.} 49. Qb7 (49. Qxc4 dxc4 50. Ra8 Kd7 $11) 49... f6)
49. Kh2 {Strongly threatening Qc6+.} f5 $2 {[#]} (49... Qb5 50. Ra8 Qd7 51.
Qxb6 f5) 50. Rxd8+ $1 {[%mdl 512]} Bxd8 51. Qxg7 {[%mdl 64] Threatening mate
with Nf6+. Double Attack} fxg4 52. Qxh8+ Kd7 53. Qg7+ {[%mdl 64] Double Attack}
Be7 {next ...gxf3 is good for Black.} 54. fxg4 b5 55. Bxh6 {Weighted Error
Value: White=0.15/Black=0.29} 1-0

[Event "EICC 2021"]
[Site "Reykjavik"]
[Date "2021.08.26"]
[Round "1.2"]
[White "Maltsevskaya, Aleksandra"]
[Black "Sargissian, Gabriel"]
[Result "1/2-1/2"]
[WhiteElo "2409"]
[BlackElo "2682"]
[Annotator "TA"]
[PlyCount "113"]
[EventDate "2021.08.26"]
[EventType "swiss"]
[EventCountry "ISL"]
[Tiebreak "Cut1 Buchholz"]
[SourceTitle "playchess.com"]
[Source "ChessBase"]
[SourceQuality "1"]

{[%evp 12,113,17,24,34,14,14,15,14,20,11,20,13,7,17,10,10,10,4,9,3,0,8,5,4,0,0,
0,0,0,0,0,0,0,13,13,20,13,10,12,20,0,0,0,7,0,0,0,0,0,0,0,0,0,0,0,0,0,0,0,0,0,0,
0,0,0,0,0,0,-8,-8,-8,-8,-8,-8,-8,-8,-8,-8,-8,-8,-8,-8,-8,-8,-8,-8,-8,-8,-8,-8,
-8,-8,-8,-8,-8,-8,-8,-8,-8,-8,-8,-8,-8]} 1. e4 e5 2. Nf3 Nc6 3. Bb5 Nf6 4. O-O
Nxe4 5. Re1 Nd6 6. Nxe5 Be7 7. Bf1 Nf5 {C67: Ruy Lopez: Berlin Defence: 4 0-0
Nxe4.} 8. c3 Nxe5 {The position is equal.} 9. Rxe5 d6 10. Re1 O-O 11. d4 d5 12.
Nd2 Bd6 13. Nf3 c6 14. Bd3 {[#]} Re8 $146 ({Predecessor:} 14... g6 15. Bd2 Ng7
16. Bh6 Re8 17. Qd2 f6 18. Rxe8+ Qxe8 19. Re1 Qf7 20. Bf4 Bf8 {1/2-1/2 (43)
Wang,H (2763)-Rapport,R (2759) Chess.com INT 2020}) 15. Rxe8+ Qxe8 16. Qc2 g6
17. Bg5 Qf8 18. Qd2 (18. Bf6 {feels hotter.} Ng7 19. h3 Be6 20. Re1 Re8 21. Qd2
) 18... f6 19. Bf4 Bxf4 20. Qxf4 Qd6 21. Qd2 Ng7 22. Re1 Bg4 23. Nh4 g5 {[#]}
24. h3 $1 Bd7 25. Nf3 Re8 26. Qc2 Rxe1+ 27. Nxe1 h6 28. Nf3 Qe7 29. c4 dxc4 30.
Bxc4+ Be6 31. b3 b5 32. Bxe6+ Qxe6 33. Qc5 Qd7 34. a4 bxa4 35. bxa4 Ne6 36. Qb4
Kf7 37. a5 Qc8 38. Nd2 Qd7 39. Ne4 Nf4 40. a6 {Threatens to win with Qb7.} Qd5
41. Qb7+ Kg6 42. Qe7 Qe6 43. Qxe6 Nxe6 $11 {[%mdl 4096] Endgame KN-KN} 44. Nd6
$1 Nxd4 {White must now prevent ...Nb5.} 45. Nc8 $1 {[%cal Rc8a7]} Nb5 {
[#] ...Kf7 is the strong threat.} 46. Ne7+ Kf7 47. Nxc6 Ke6 48. Kh2 Kd6 49.
Nxa7 Nxa7 {KN-KP} 50. Kg3 Ke6 {aiming for ...h5.} 51. Kg4 Kf7 {Hoping for ...
Kg6.} 52. Kh5 Kg7 53. h4 gxh4 54. Kxh4 Kg6 55. g4 Nc6 56. f4 f5 57. gxf5+ {
A rather calm draw.  Weighted Error Value: White=0.01/Black=0.01} 1/2-1/2

[Event "EICC 2021"]
[Site "Reykjavik"]
[Date "2021.08.26"]
[Round "1.3"]
[White "Navara, David"]
[Black "Unuk, Laura"]
[Result "1-0"]
[WhiteElo "2675"]
[BlackElo "2407"]
[Annotator "TA"]
[PlyCount "65"]
[EventDate "2021.08.26"]
[EventType "swiss"]
[EventCountry "ISL"]
[Tiebreak "Cut1 Buchholz"]
[SourceTitle "playchess.com"]
[Source "ChessBase"]
[SourceQuality "1"]

{[%evp 17,65,34,41,6,17,4,20,12,25,10,21,12,24,14,25,-2,0,0,0,0,0,0,0,-15,0,0,
0,0,4,4,8,4,32,43,38,0,0,0,0,0,0,0,809,660,714,714,837,947,985,960]} 1. e4 e5
2. Nf3 Nc6 3. Bb5 a6 4. Ba4 Nf6 5. O-O b5 6. Bb3 Bc5 7. a4 Rb8 8. c3 d6 9. d4
Bb6 10. a5 $1 {[%mdl 4] is currently scoring better than 10.axb5. C78: Ruy
Lopez: Archangelsk and Möller Defences.} Ba7 ({But not} 10... Bxa5 $2 11. dxe5
(11. d5 Ne7 $18) 11... dxe5 12. Qxd8+ Kxd8 13. Bd5 $18 (13. Bxf7 Bb6 $16)) 11.
h3 O-O 12. Be3 {The position is equal.} Ra8 13. Nbd2 h6 14. Qe2 $5 {[%mdl 4]
Exploring less charted territory.} exd4 15. cxd4 {[#]} Nb4 $146 ({Predecessor:
} 15... Re8 16. Rfd1 Qe7 17. d5 Nb4 18. Bxa7 Rxa7 19. Nd4 Bd7 20. Qe3 c5 21.
dxc6 Nxc6 {1/2-1/2 (58) Nguyen,T (2546)-Shirov,A (2667) Prague 2019}) 16. d5 c6
17. dxc6 Nxc6 18. Rfc1 Bxe3 19. Qxe3 Nxa5 20. Ba2 Nb7 21. Nd4 Bd7 22. N2f3 a5
23. e5 dxe5 24. Nxe5 Nd6 25. Qf4 Ra6 26. Rd1 Qb8 27. Nxd7 Nxd7 28. Rac1 {
aiming for Nc6.} Qb7 29. Nf5 Nc4 {[%mdl 8192] [#]} (29... Nxf5 $11 30. Rc7 (30.
Qxf5 Nf6 $11) 30... Qb8 31. Rdxd7 Rf6) 30. Rxd7 $1 {[%mdl 512] White is
clearly winning.} Qxd7 (30... Qb8 31. Qg4) 31. Qg4 {[%csl Gf5][%cal Rg4g7]} Rg6
{[#]} 32. Nxh6+ $1 {[%mdl 576] Discovered Attack} gxh6 (32... Rxh6 33. Qxd7)
33. Qxd7 {Weighted Error Value: White=0.17/Black=0.09} 1-0

[Event "EICC 2021"]
[Site "Reykjavik"]
[Date "2021.08.26"]
[Round "1.4"]
[White "Fruebing, Stefan"]
[Black "Bluebaum, Matthias"]
[Result "0-1"]
[WhiteElo "2406"]
[BlackElo "2674"]
[Annotator "TA"]
[PlyCount "86"]
[EventDate "2021.08.26"]
[EventType "swiss"]
[EventCountry "ISL"]
[Tiebreak "Cut1 Buchholz"]
[SourceTitle "playchess.com"]
[Source "ChessBase"]
[SourceQuality "1"]

{[%evp 9,86,11,8,10,13,0,0,0,11,10,0,-8,13,-53,-47,-59,0,0,0,-34,-10,-26,-8,-5,
14,6,18,-18,-16,-67,-44,-76,-54,-35,-11,-38,18,23,7,11,15,12,70,19,22,-11,-6,
-20,-16,-23,-3,-10,-31,-16,0,-23,0,0,0,-18,-23,-22,-18,-47,-40,-47,-64,-92,-75,
-154,-149,-241,-252,-401,-387,-376,-387,-378,-362]} 1. e4 e6 2. d4 d5 3. Nd2
Be7 4. e5 c5 5. c3 cxd4 6. cxd4 {C03: French Tarrasch: Unusual Black 3rd moves.
} Qb6 {6...Qb6 scores better than 6...Nc6.} 7. Ndf3 Bb4+ 8. Bd2 {The position
is equal.} Nc6 9. Bc3 f6 {[#]} 10. Qd2 $146 ({Predecessor:} 10. Bd3 fxe5 11.
dxe5 Nge7 12. Ne2 O-O 13. Ned4 Nxd4 14. Nxd4 Bxc3+ 15. bxc3 Qc7 16. O-O Qxe5 {
1-0 (40) Mamedov,R (2654)-Lagarde,M (2657) Europe Echecs INT 2020}) 10... fxe5
11. Bxb4 (11. Nxe5 $11 Bxc3 12. bxc3) 11... Qxb4 $15 12. dxe5 Qxd2+ (12... Qe4+
$15 13. Qe2 Qb4+ 14. Qd2 Qe4+ 15. Qe2 Qf4) 13. Kxd2 $11 Bd7 14. Bd3 Nh6 15. h3
Nf7 16. Re1 O-O 17. Re3 Nh6 18. Re1 Be8 19. g4 (19. Ne2 $11) 19... Nf7 20. Re3
Rd8 (20... d4 $5 {[%cal Rd4e3]} 21. Re2 Rc8 $15) 21. Rh2 h6 22. h4 h5 (22... d4
$15 23. Re1 Rd7) 23. gxh5 Nh6 24. Rg2 Bxh5 {[#] White must now prevent ...d4.}
25. Ng5 Rfe8 (25... Bg4 $11) 26. f4 ({White should try} 26. Bh7+ $14 Kh8 27.
N1h3) 26... Nd4 27. N1f3 Nxf3+ 28. Rxf3 Bxf3 29. Nxf3 Re7 30. Nd4 Rf8 31. Ke3
Nf7 32. h5 Kh8 33. Rg6 Nd8 34. h6 gxh6 35. Rxh6+ Kg8 36. Nf3 Rg7 37. Bg6 Nf7
38. Bxf7+ Rgxf7 $15 {KRR-KRN} 39. Ng5 (39. Rg6+ $142 Kh8 40. Rg1) 39... Rxf4
$17 {Threatens to win with ...R8f5.} 40. Rg6+ (40. Rxe6 $17 Rf1 41. Rg6+ Kh8
42. a4) 40... Kh8 $19 41. Nxe6 (41. Rh6+ {keeps fighting.} Kg7 42. Nxe6+ Kxh6
43. Nxf4) 41... Re4+ {[%mdl 64] [#] Double Attack. Black is winning.} 42. Kd3
Rf3+ 43. Kd2 Rxe5 {Weighted Error Value: White=0.22/Black=0.13} 0-1

[Event "EICC 2021"]
[Site "Reykjavik"]
[Date "2021.08.26"]
[Round "1.5"]
[White "Nisipeanu, Liviu-Dieter"]
[Black "Kaasen, Tor Fredrik"]
[Result "1/2-1/2"]
[WhiteElo "2671"]
[BlackElo "2406"]
[Annotator "TA"]
[PlyCount "45"]
[EventDate "2021.08.26"]
[EventType "swiss"]
[EventCountry "ISL"]
[Tiebreak "Cut1 Buchholz"]
[SourceTitle "playchess.com"]
[Source "ChessBase"]
[SourceQuality "1"]

{[%evp 16,45,11,-4,0,-17,12,8,24,16,21,0,20,0,0,0,0,0,0,0,0,0,0,0,0,0,0,0,0,0,
0,0]} 1. d4 Nf6 2. Nf3 d5 3. e3 e6 4. Bd3 Bd6 5. O-O O-O 6. Nbd2 c5 7. b3 Nc6
8. Bb2 b6 9. Ne5 {9.Ne5 was played by the boomers.} Bb7 {D05: Colle System
with ...e6.} 10. f4 Qe7 11. a3 Rac8 12. Rf3 cxd4 {The position is equal.} 13.
exd4 {[#]} g6 $146 ({Predecessor:} 13... Nb8 14. Qe2 Nbd7 15. Rh3 g6 16. Ndf3
Ne4 17. Bxe4 dxe4 18. Ng5 Nf6 19. c4 h5 {1/2-1/2 (46) Radnetter,G (2256)-Walzl,
M (2141) Austria 2013}) 14. Rh3 Nh5 15. Qg4 f5 $1 {[%cal Rf5g4]} 16. Nxg6 hxg6
17. Qxg6+ Ng7 18. Rh6 {aiming for g3.} Bxf4 {[%mdl 64] [#] Double Attack} 19.
Qh7+ Kf7 20. Qg6+ Kg8 21. Qh7+ Kf7 22. Qg6+ Kg8 23. Qh7+ {An uneventful
encounter.  Weighted Error Value: White=0.05/Black=0.07} 1/2-1/2

[Event "EICC 2021"]
[Site "Reykjavik"]
[Date "2021.08.26"]
[Round "1.6"]
[White "Sousa, Andre Ventura"]
[Black "Grandelius, Nils"]
[Result "0-1"]
[WhiteElo "2405"]
[BlackElo "2666"]
[Annotator "TA"]
[PlyCount "84"]
[EventDate "2021.08.26"]
[EventType "swiss"]
[EventCountry "ISL"]
[Tiebreak "Cut1 Buchholz"]
[SourceTitle "playchess.com"]
[Source "ChessBase"]
[SourceQuality "1"]

{[%evp 9,84,10,35,41,47,43,28,28,28,25,28,28,31,27,34,10,10,12,25,11,16,23,44,
27,21,20,34,2,27,30,70,47,64,37,36,20,75,72,84,86,99,102,103,94,93,87,88,26,24,
0,0,-239,-250,-228,-217,-355,-373,-502,-491,-594,-533,-596,-481,-485,-441,-415,
-359,-362,-322,-324,-312,-733,-694,-722,-705,-775,-720]} 1. e4 c5 2. Nf3 d6 3.
Bb5+ Nd7 4. a4 {[%cal Ba2a4,Ba4a5][%mdl 32]} Ngf6 5. Nc3 g6 6. a5 {B51:
Sicilian: Moscow Variation (3 Bb5+) without 3...Bd7.} Bg7 7. O-O O-O 8. d3 {
White has an edge.} a6 9. Bc4 b5 10. axb6 $1 Nxb6 11. Ba2 Bb7 {[#]} 12. Qd2
$146 ({Predecessor:} 12. h3 d5 13. e5 Ne8 14. d4 c4 15. Qe2 Nc7 16. b3 Nb5 17.
Bb2 Rc8 18. Na4 {1-0 (26) Mammadova,G (2445)-Foerster Yialamas,L (2200) Chess.
com INT 2020}) 12... e6 13. Qf4 d5 14. Re1 Nh5 15. Qg4 d4 16. Nb1 e5 17. Na3
Bc8 18. Qg5 Qd6 19. Nd2 Be6 20. Ndc4 Nxc4 21. Nxc4 Qc7 22. Qd2 Rfb8 (22... a5
$11) 23. Qa5 Qa7 24. Nd6 Qd7 {[#]} 25. Bxe6 $1 (25. Qxc5 $2 Bf8 $19) 25... Qxe6
26. Nc4 (26. Qxc5 $2 Bf8 $19) 26... Bf8 27. Qc7 f6 28. Rf1 (28. Qa5 $16) 28...
Rb5 $1 $11 29. f4 {[%cal Rf4e5]} Ng7 $1 {[%cal Rg7e8] [#] White must now
prevent ...Ne8.} 30. Na3 $2 (30. fxe5 $2 Ne8 $19) (30. Na5 $11 {and White has
nothing to worry.}) 30... Ne8 $19 31. Nxb5 axb5 (31... Nxc7 $2 {too greedy.}
32. Nxc7 Qc6 33. Nxa8 $18) 32. Rxa8 (32. Qxh7+ $142 Kxh7 33. Rxa8) 32... Nxc7
33. Rb8 Na6 34. Ra8 {With the idea fxe5.} Qc6 35. Rd8 Qb6 36. Rc8 Qb7 37. Rd8 {
intending fxe5.} Qc7 38. Ra8 Nb8 39. fxe5 Qb7 ({Don't take} 39... fxe5 40. Bg5
$19) ({Wrong is} 39... Qxe5 $2 40. Bf4 $18) 40. Rxb8 (40. Ra1 fxe5 41. b3)
40... Qxb8 {Black is clearly winning.} 41. exf6 {If only White now had time
for f7+....} Kf7 42. Bf4 Qa8 {Weighted Error Value: White=0.44/Black=0.13} 0-1

[Event "EICC 2021"]
[Site "Reykjavik"]
[Date "2021.08.26"]
[Round "1.7"]
[White "Lupulescu, Constantin"]
[Black "Krastev, Alexander"]
[Result "1/2-1/2"]
[WhiteElo "2659"]
[BlackElo "2389"]
[Annotator "TA"]
[PlyCount "133"]
[EventDate "2021.08.26"]
[EventType "swiss"]
[EventCountry "ISL"]
[Tiebreak "Cut1 Buchholz"]
[SourceTitle "playchess.com"]
[Source "ChessBase"]
[SourceQuality "1"]

{[%evp 13,133,40,37,37,54,38,59,53,31,60,48,54,86,93,144,140,202,172,158,73,
214,214,203,206,203,153,138,112,193,136,205,0,139,133,182,169,153,55,53,35,135,
128,119,130,125,123,120,108,137,137,182,174,205,193,155,117,137,131,294,293,
247,177,172,30,73,16,15,10,8,11,13,0,0,0,8,9,14,12,72,15,100,104,109,65,88,47,
49,36,100,41,69,4,77,56,148,148,147,55,52,52,54,52,61,56,106,16,16,8,15,18,18,
18,25,8,10,8,8,0,0,0,0,0]} 1. d4 Nf6 2. c4 g6 3. Nc3 Bg7 4. e4 d6 5. Be2 O-O 6.
Be3 c5 7. d5 e6 8. Nf3 {E73: King's Indian: Averbakh Variation without 6...c5.}
exd5 9. cxd5 b5 {White should prevent ...b4.} 10. e5 $1 {[%cal Re5f6] White is
slightly better.} Ng4 {10...dxe5 is the modern continuation.} 11. Bg5 Qb6 12.
exd6 (12. Bxb5 a6 $15) 12... Re8 13. Be7 c4 (13... Nd7 $142) 14. O-O $16 {[#]}
Bb7 $146 (14... Ba6 $16 {keeps fighting.}) ({Predecessor:} 14... Nd7 15. a4 Ba6
16. axb5 Bxb5 17. Nxb5 Qxb5 18. Nd4 Qxb2 19. Bxg4 f5 20. Nxf5 gxf5 21. Bxf5 Nf6
22. Re1 Kh8 23. Rb1 {1-0 (23) Marn,J (2360)-Mohr,G (2434) Maribor 2020}) 15. a4
$1 $18 a6 16. h3 (16. axb5 $142 axb5 17. Rxa8 Bxa8 18. Bxc4 $1 {[%mdl 512]}
bxc4 19. Qa4 {[%mdl 64] Double Attack}) 16... Nh6 (16... Nf6 $16) 17. axb5 axb5
18. Rxa8 Bxa8 19. g4 Nd7 20. Qd2 Kh8 (20... Bb7 $16 21. Rc1 f5) 21. Ng5 (21.
Ra1 $18) 21... Be5 (21... Rc8 $16 {was necessary.}) 22. Nf3 Bg7 23. Re1 Ng8 24.
Bf1 Qc5 25. Qe3 (25. Ng5 $16 {[%cal Rg5f7]} Nxe7 26. Bg2 (26. Rxe7 Rxe7 27.
dxe7 Qxe7 $11) (26. Nxf7+ Kg8 $14)) 25... Qxe3 $14 26. Rxe3 $40 {[%mdl 128]
White is up to no good.} Bxc3 ({Better is} 26... Rb8 $1 $14) 27. bxc3 $16 {
Threatens to win with Ne5.} Bxd5 28. Nd4 Rb8 29. Bg2 Bxg2 30. Kxg2 Kg7 31. g5
h6 32. h4 hxg5 33. hxg5 (33. Bxg5 Rb6 $14) 33... Rb6 34. Re4 f5 35. Re6 Kf7 $2
(35... Rb8 $16) 36. Bd8 $1 $18 {[%cal Rd8b6]} Rb7 37. Bc7 b4 {[#]} 38. cxb4 (
38. Re1 $1 $18) 38... Rxb4 $11 {White must now prevent ...c3.} 39. Re2 (39. Ba5
$16 Ra4 40. Bc3) 39... c3 40. Ne6 Rc4 {Strongly threatening ...c2.} 41. Nd8+
Kf8 42. Ne6+ Kf7 43. Nd8+ Kf8 44. Rc2 Ke8 45. Ba5 Nb8 (45... Ne5 $11) 46. Ne6 (
46. f3 $16) 46... Kd7 (46... Kf7 $11 47. Nd8+ Ke8) 47. Nf8+ $16 Kxd6 48. Rxc3
Rg4+ 49. Kf1 {Hoping for f3.} (49. Kh3 {keeps more tension.} Nc6 50. Rd3+ Ke7
51. Nxg6+ Kf7 52. Nh8+) 49... Nc6 50. Rd3+ Kc5 {[#]} ({Black should play} 50...
Rd4 $14 51. Bc7+ (51. Rxd4+ Nxd4 52. Bd2 Nf3 $14) 51... Kd5 52. Rxd4+ Nxd4) 51.
Bd2 (51. f3 $1 $16 Ra4 52. Bc3) 51... Nge7 $14 52. f3 (52. f4 $14) 52... Rh4 (
52... Ra4 $11) 53. Be3+ Kc4 ({Black should try} 53... Kb5 $14) 54. Rd6 $16 f4
55. Bf2 (55. Nxg6 $16 Rh3 56. Nxe7 (56. Bxf4 Rxf3+ 57. Kg2 Rb3 $16) 56... Rxf3+
57. Bf2 (57. Kg2 Rg3+ 58. Kf2 Nxe7 $16) 57... Nxe7 58. Rd4+ Kb3 59. Ke2) 55...
Rh1+ 56. Kg2 Rh5 57. Ne6 Kb5 58. Rd1 Nb4 59. Rd8 ({Much weaker is} 59. Nxf4 $6
Rxg5+ 60. Kf1 Ned5 $11) (59. Rb1 $16 {aiming for Rxb4+!} Ned5 60. Be1) 59...
Nbd5 $11 60. Kg1 Kc4 61. Ra8 Kd3 62. Ra3+ Kc4 63. Ra4+ Kb5 {The position is
equal.} 64. Re4 Kc6 65. Bd4 Nf5 66. Bf6 Ng3 67. Re1 {Weighted Error Value:
White=0.30/Black=0.28} 1/2-1/2

[Event "EICC 2021"]
[Site "Reykjavik"]
[Date "2021.08.26"]
[Round "1.8"]
[White "D`Costa, Lorin"]
[Black "Donchenko, Alexander"]
[Result "0-1"]
[WhiteElo "2381"]
[BlackElo "2657"]
[Annotator "TA"]
[PlyCount "88"]
[EventDate "2021.08.26"]
[EventType "swiss"]
[EventCountry "ISL"]
[Tiebreak "Cut1 Buchholz"]
[SourceTitle "playchess.com"]
[Source "ChessBase"]
[SourceQuality "1"]

{[%evp 9,88,-35,0,-5,14,-21,0,-28,34,27,22,20,46,37,37,18,48,45,36,32,29,27,52,
52,56,19,37,3,37,21,29,30,14,5,16,12,38,28,46,-20,-17,-24,-31,-25,-11,-20,-16,
-21,-22,-18,-15,-19,38,-27,-20,-46,0,0,0,0,0,-37,-51,-50,0,0,0,-87,-45,-235,
-218,-519,-503,-604,-577,-958,-903,-1177,-1174,-1089,-1106]} 1. Nf3 d5 2. g3 c5
3. c4 d4 4. b4 cxb4 5. a3 e6 6. Bg2 {A09: Réti Opening: 1 Nf3 d5 2 c4.} Nc6 7.
d3 Nf6 8. O-O {The position is equal.} bxa3 (8... a5 $11) 9. Qa4 $14 Nd7 10.
Bxa3 {[#]} Be7 $146 ({Predecessor:} 10... Bxa3 11. Nxa3 O-O 12. Nb5 e5 13. Qa3
a5 14. Rfb1 Ra6 15. Qd6 Nb4 16. Qc7 Qf6 {0-1 (47) Larrea,M (2284)-Roselli
Mailhe,B (2420) Montevideo 2011}) 11. Nbd2 {[%mdl 1024] White has compensation.
} O-O 12. Rfb1 Nc5 13. Qb5 a6 14. Qb6 Qxb6 15. Rxb6 Ra7 16. Ne1 Nb8 17. Nc2 e5
18. Rbb1 Nbd7 19. e3 Rd8 20. exd4 exd4 21. Ne4 Bf8 22. Nxd4 Nxe4 (22... h6 {
with more complications.} 23. Bb4 Nxe4 24. Bxe4 Bxb4 25. Rxb4 Nc5) 23. Bxe4 Nc5
24. Nb3 (24. Bxc5 $14 Bxc5 25. Nb3) 24... Nxe4 $11 25. dxe4 Bxa3 26. Rxa3 b6
27. c5 b5 28. Na5 {[#] Hoping for Nc6.} Rc7 29. c6 Rd4 30. f3 Kf8 (30... Rd2
$11) 31. Rbb3 (31. Kf2 $14) 31... Rd1+ 32. Kf2 Rd2+ 33. Ke3 Rxh2 34. Kd4 Be6
35. Kc5 (35. Rb1 {is more complex.} Rc8 36. Kc5 Rc2+ 37. Kb6 b4 38. Rxb4 Rb8+
39. Nb7) 35... Bxb3 36. Rxb3 $15 {[%mdl 4096] Endgame KRR-KRN} Ra2 37. Kb6 Rc8
{And now ...Rxa5! would win.} 38. Nb7 (38. Kb7 $11 Re8 39. Kb6 Rb8+ 40. Kc7)
38... Rc2 $17 39. Nc5 $2 {White does not recover from this.} (39. Na5 $15)
39... h5 40. Rd3 $2 (40. f4) 40... b4 $19 {[%cal Bb5b4,Bb4b3,Bb3b2][%mdl 32]
Black is clearly winning.} 41. e5 a5 42. Rd5 b3 {Strongly threatening ...b2.}
43. Kb7 {[#]} b2 $1 {[%mdl 512]} 44. Kxc8 Kg8 {Weighted Error Value: White=0.
58/Black=0.13} ({And not} 44... b1=Q 45. Rd8+ Ke7 46. Rd7+ Kf8 47. Rd8+ Ke7 48.
Rd7+ Kf8 49. Rd8+ $11) 0-1

[Event "EICC 2021"]
[Site "Reykjavik"]
[Date "2021.08.26"]
[Round "1.9"]
[White "Abasov, Nijat"]
[Black "Stefansson, Vignir Vatnar"]
[Result "1-0"]
[WhiteElo "2656"]
[BlackElo "2371"]
[Annotator "TA"]
[PlyCount "47"]
[EventDate "2021.08.26"]
[EventType "swiss"]
[EventCountry "ISL"]
[Tiebreak "Cut1 Buchholz"]
[SourceTitle "playchess.com"]
[Source "ChessBase"]
[SourceQuality "1"]

{[%evp 28,47,50,50,57,61,63,54,76,67,82,87,71,76,93,61,58,0,0,0,311,311]} 1. e4
c5 2. Nf3 Nc6 3. d4 cxd4 4. Nxd4 Nf6 5. Nc3 e5 6. Ndb5 d6 7. Bg5 a6 8. Na3 b5
9. Nd5 Be7 10. Bxf6 Bxf6 11. c3 O-O 12. Nc2 Bg5 13. a4 bxa4 14. Rxa4 Bb7 15.
Bc4 Kh8 {B33: Sicilian: Pelikan and Sveshnikov Variations.} 16. O-O g6 {[#]}
17. Qd3 $146 {[%cal Rc4a6]} ({Predecessor:} 17. Qe2 a5 18. Na3 Ne7 19. Rd1 Bc6
20. Bb5 Bxd5 21. exd5 Qb6 22. Qg4 Bh6 23. Qh3 {1-0 (37) Bartholomew,J (2327)
-Rhee,W Las Vegas 2004}) 17... Na5 {White is slightly better.} 18. Ba2 Bc6 19.
Ra3 Bb5 20. c4 Bc6 21. f4 Bh6 22. Qc3 ({White should play} 22. fxe5 $14 dxe5
23. Ncb4) 22... Bxd5 $11 23. exd5 Qb6+ {[%mdl 8192] [#]} (23... Nb7 $11 {
and Black stays safe.}) 24. c5 $1 {[%cal Rc5b6] Weighted Error Value: White=0.
14/Black=0.43} 1-0